Rekonstrukce staveb z tepelně technického hlediska

Na minha lista:
Detalhes bibliográficos
Autor principal: Dušek, Karel
Formato: Livro
Idioma:tcheco
Publicado em: Praha Ústředí vědeckých, technických a ekonomických informací 1984
Tags: Adicionar Tag
Sem tags, seja o primeiro a adicionar uma tag!

MARC

LEADER 00000nam a2200000 4500
001 c106988
005 20251204121425.6
041 0 |a cze 
044 |a CZ 
245 1 0 |a Rekonstrukce staveb z tepelně technického hlediska  |c Karel Dušek 
264 1 |a Praha  |b Ústředí vědeckých, technických a ekonomických informací  |c 1984 
300 |a 55 s. 
100 1 |a Dušek, Karel